[Event "Moscow open 2010 B"]
[Site "?"]
[Date "2010.02.07"]
[Round "9.144"]
[White "Kreines, Mikhail"]
[Black "Bondarev, Ivan"]
[Result "1/2-1/2"]
[WhiteElo "2019"]
[BlackElo "1785"]
[PlyCount "98"]
[EventDate "2010.01.30"]

1. e4 c6 2. d4 d5 3. Nd2 dxe4 4. Nxe4 Nd7 5. Nf3 Ngf6 6. Ng3 e6 7. c4 c5 8.
dxc5 Bxc5 9. Bd3 O-O 10. O-O b6 11. Bf4 Bb7 12. Qe2 Qc8 13. Ng5 Qc6 14. Be4
Nxe4 15. Qxe4 Nf6 16. Qxc6 Bxc6 17. Rfe1 Rad8 18. N5e4 Nxe4 19. Nxe4 Rd4 20.
Nxc5 Rxf4 21. Nd3 Rxc4 22. Ne5 Rc2 23. Rac1 Rxc1 24. Rxc1 Bb5 25. Rc7 Rd8 26.
g3 f6 27. Nc6 Bxc6 28. Rxc6 Rd2 29. Rc8+ Kf7 30. Rc7+ Kg6 31. Rxa7 Rxb2 32. a4
e5 33. a5 bxa5 34. Rxa5 Kf5 35. Ra7 Kg6 36. Re7 h5 37. Kg2 Kh6 38. h4 g5 39.
hxg5+ Kxg5 40. Kf3 h4 41. gxh4+ Kxh4 42. Rg7 Rb4 43. Ke3 Rg4 44. Rxg4+ Kxg4 45.
Ke4 Kg5 46. f3 Kg6 47. f4 exf4 48. Kxf4 f5 49. Kf3 Kg5 1/2-1/2

[Event "Moscow open 2010 B"]
[Site "?"]
[Date "2010.02.07"]
[Round "9.145"]
[White "Karimova, Karina"]
[Black "Artjushin, Viktor"]
[Result "0-1"]
[WhiteElo "1790"]
[BlackElo "1990"]
[PlyCount "66"]
[EventDate "2010.01.30"]

1. e4 c5 2. Nf3 g6 3. d4 Bg7 4. Be2 Qc7 5. O-O d6 6. c3 Nf6 7. Qc2 b6 8. Bf4
cxd4 9. Nxd4 e5 10. Nb5 Qc6 11. Be3 a6 12. N5a3 Nxe4 13. Bf3 d5 14. Bxe4 dxe4
15. Nd2 f5 16. f3 f4 17. Bxf4 exf4 18. Nxe4 O-O 19. Rad1 Bf5 20. Rfe1 Bxe4 21.
Rxe4 Ra7 22. Rde1 Rd7 23. Re6 Qc5+ 24. Kh1 b5 25. Nb1 Qd5 26. a3 a5 27. h3 a4
28. Rb6 Nc6 29. Qe2 Re7 30. Qf1 Rxe1 31. Qxe1 Ne5 32. Qe2 Nc4 33. Kh2 Nxb6 0-1

[Event "Moscow open 2010 B"]
[Site "?"]
[Date "2010.02.07"]
[Round "9.146"]
[White "Tantsov, Peter"]
[Black "Tugarin, Anton"]
[Result "0-1"]
[WhiteElo "1772"]
[BlackElo "1988"]
[PlyCount "82"]
[EventDate "2010.01.30"]

1. e4 c5 2. Nf3 d6 3. Bb5+ Bd7 4. Bxd7+ Qxd7 5. O-O Nf6 6. Nc3 g6 7. d3 Bg7 8.
Bf4 O-O 9. Qd2 Rd8 10. Rfe1 Ng4 11. h3 Ne5 12. Nxe5 dxe5 13. Be3 c4 14. Rad1
cxd3 15. Qxd3 Qxd3 16. Rxd3 Rxd3 17. cxd3 Nc6 18. a3 Rd8 19. Rd1 e6 20. Kf1 f5
21. f3 Bf6 22. Bf2 Nd4 23. Bxd4 exd4 24. Ne2 fxe4 25. dxe4 b5 26. f4 e5 27.
fxe5 Bxe5 28. Nc1 Bf4 29. Nd3 Be3 30. Ke2 Rc8 31. Nb4 a5 32. Nd5 Rc2+ 33. Kd3
Rxg2 34. Nxe3 dxe3 35. Kxe3 Rxb2 36. Rd3 Kf7 37. Kf4 Ke6 38. Ke3 a4 39. Kd4 g5
40. Rg3 h6 41. h4 Rb3 0-1

[Event "Moscow open 2010 B"]
[Site "?"]
[Date "2010.02.07"]
[Round "9.147"]
[White "Zhukov, Daniil A"]
[Black "Koltunovsky, Evgeny"]
[Result "1/2-1/2"]
[WhiteElo "1942"]
[BlackElo "1782"]
[PlyCount "87"]
[EventDate "2010.01.30"]

1. e4 c5 2. Nf3 d6 3. d4 cxd4 4. Nxd4 Nf6 5. Nc3 Nc6 6. f3 e5 7. Ndb5 a6 8. Na3
Be6 9. Be3 d5 10. exd5 Nxd5 11. Nxd5 Bxa3 12. Bb6 Qxd5 13. Qxd5 Bxd5 14. bxa3
O-O 15. Bd3 Nd4 16. O-O Rac8 17. Rfd1 f5 18. f4 Rf6 19. Rab1 Rg6 20. Bxd4 Rxg2+
21. Kf1 exd4 22. Bxf5 Rc4 23. Be6+ Bxe6 24. Kxg2 Bf5 25. Re1 Rxc2+ 26. Kg3 Rc3+
27. Kf2 Bxb1 28. Rxb1 b5 29. Rb3 Kf7 30. Ke2 Ke6 31. Rxc3 dxc3 32. Kd3 Kf5 33.
Kxc3 Kxf4 34. Kb4 Kf3 35. Ka5 Kg2 36. Kxa6 Kxh2 37. Kxb5 g5 38. a4 g4 39. a5 g3
40. a6 g2 41. a7 g1=Q 42. a8=Q Qb1+ 43. Kc5 Qc2+ 44. Kd6 1/2-1/2

[Event "Moscow open 2010 B"]
[Site "?"]
[Date "2010.02.07"]
[Round "9.148"]
[White "Absoliamov, Javday"]
[Black "Sobiev, Dmitry M"]
[Result "0-1"]
[WhiteElo "1921"]
[BlackElo "1758"]
[PlyCount "96"]
[EventDate "2010.01.30"]

1. c4 c6 2. d4 d5 3. cxd5 cxd5 4. g3 Nf6 5. Bg2 Nc6 6. Nc3 e6 7. a3 Bd6 8. e3
O-O 9. Nge2 a6 10. O-O b5 11. b4 Bd7 12. Bb2 Qb6 13. Qd2 a5 14. Qd3 Rfb8 15.
bxa5 Nxa5 16. e4 Nc4 17. Rfb1 Bxa3 18. Bxa3 Rxa3 19. Rxa3 Nxa3 20. Rb3 b4 21.
exd5 exd5 22. Nxd5 Nxd5 23. Bxd5 Bb5 24. Qf3 Bxe2 25. Bxf7+ Kf8 26. Qxe2 Kxf7
27. Rf3+ Kg8 28. Qa2+ Kh8 29. Qf7 h6 30. Qe7 Qxd4 31. Rf8+ Rxf8 32. Qxf8+ Kh7
33. Qf5+ g6 34. Qf7+ Qg7 35. Qe6 Qb7 36. Qb3 Qe7 37. h4 h5 38. Kh2 Nb5 39. Qc4
Nc7 40. f3 Ne8 41. Kg2 Nf6 42. Kf2 Qb7 43. Qb3 Qe7 44. Qc4 Nd7 45. Kg2 Ne5 46.
Qd5 Qc7 47. Kh3 Qd7+ 48. Qxd7+ Nxd7 0-1

[Event "Moscow open 2010 B"]
[Site "?"]
[Date "2010.02.07"]
[Round "9.149"]
[White "Motruk, Oleg"]
[Black "Efanov, Mikhail"]
[Result "1-0"]
[WhiteElo "1766"]
[BlackElo "1919"]
[PlyCount "81"]
[EventDate "2010.01.30"]

1. e4 Nf6 2. e5 Nd5 3. c4 Nb6 4. d4 d6 5. f4 dxe5 6. fxe5 Nc6 7. Nf3 Bg4 8. Be3
e6 9. a3 Qd7 10. c5 Nd5 11. Bf2 O-O-O 12. Bb5 Nde7 13. Qa4 Bxf3 14. gxf3 Qd5
15. Nc3 Qxf3 16. Rg1 a6 17. Bf1 Qf4 18. Rd1 Nf5 19. Ne2 Qh6 20. Bg2 Ne3 21.
Bxe3 Qxe3 22. Bxc6 bxc6 23. Qxc6 Be7 24. Qxa6+ Kd7 25. Qb5+ Kc8 26. Rd3 Qe4 27.
c6 Bh4+ 28. Kd1 Rd5 29. Qb7+ Kd8 30. Qb8+ Ke7 31. Qxc7+ Kf8 32. Rb3 g6 33. Rb8+
Kg7 34. Rxh8 Rxd4+ 35. Nxd4 Qxd4+ 36. Kc2 Kxh8 37. Qd6 Qf2+ 38. Kb3 Kg7 39. c7
Qf3+ 40. Ka2 Qb7 41. Qd7 1-0

[Event "Moscow open 2010 B"]
[Site "?"]
[Date "2010.02.07"]
[Round "9.150"]
[White "Mikhaylov, Alexander D"]
[Black "Desai, D K."]
[Result "1-0"]
[WhiteElo "1752"]
[BlackElo "1909"]
[PlyCount "113"]
[EventDate "2010.01.30"]

1. e4 e5 2. f4 d5 3. exd5 e4 4. d3 Nf6 5. Nc3 Bb4 6. Bd2 e3 7. Bxe3 Nxd5 8. Bd2
Bxc3 9. bxc3 Qf6 10. Qe2+ Be6 11. Qe5 Nc6 12. Qxf6 Nxf6 13. Nf3 O-O 14. Be2
Rfe8 15. O-O Bxa2 16. Rfe1 Be6 17. Ne5 Ne7 18. Reb1 b6 19. c4 a5 20. c5 Reb8
21. c4 Nd7 22. Bf3 Ra6 23. Nxd7 Bxd7 24. Rxa5 Rxa5 25. Bxa5 Nc6 26. Bxc6 Bxc6
27. cxb6 cxb6 28. Rxb6 Rxb6 29. Bxb6 Kf8 30. d4 Ke8 31. d5 Ba4 32. c5 Bb3 33.
d6 Kd7 34. Ba5 f5 35. Kf2 Ba4 36. Ke3 Ke6 37. Kd4 Bb5 38. Kc3 h5 39. Bd8 Bc6
40. g3 Kd7 41. Be7 Be4 42. Kd4 Ke6 43. h3 Bf3 44. Ke3 Bc6 45. g4 hxg4 46. hxg4
g6 47. Kf2 Bd7 48. Kg3 Bc6 49. Kh4 Bf3 50. Kg5 Be4 51. Kxg6 fxg4+ 52. Kg7 g3
53. Bf6 Bc6 54. Bd4 g2 55. f5+ Kd5 56. Bg1 Ke5 57. f6 1-0

[Event "Moscow open 2010 B"]
[Site "?"]
[Date "2010.02.07"]
[Round "9.151"]
[White "Niks, Yana"]
[Black "Lebedev, Roman"]
[Result "1-0"]
[WhiteElo "1889"]
[BlackElo "1746"]
[PlyCount "105"]
[EventDate "2010.01.30"]

1. e4 e6 2. d4 d5 3. Nd2 c5 4. c3 cxd4 5. cxd4 Ne7 6. e5 Nbc6 7. Ngf3 Bd7 8.
Nb3 Ng6 9. Bd3 Be7 10. O-O Rc8 11. Be3 Nb4 12. Bb1 a5 13. a3 Nc6 14. Bc2 b5 15.
Qe2 Qb6 16. Rfc1 a4 17. Nbd2 Na5 18. Bxg6 hxg6 19. Rxc8+ Bxc8 20. Rc1 Ba6 21.
Qd1 Nc4 22. Nxc4 bxc4 23. Qxa4+ Qb5 24. Qxb5+ Bxb5 25. Nd2 O-O 26. Nb1 Ba4 27.
Bd2 Rb8 28. Bc3 Bg5 29. Rf1 Bc2 30. g3 Bd3 31. Re1 Be7 32. Nd2 f5 33. f4 g5 34.
Nf3 g4 35. Nd2 g5 36. Nf1 Rb3 37. a4 gxf4 38. gxf4 Bf8 39. a5 Bb4 40. Ra1 Bxc3
41. bxc3 Rb7 42. a6 Ra7 43. Ng3 Kf7 44. Nh5 Ke7 45. Nf6 Kd8 46. Kg2 Kc7 47.
Ne8+ Kb6 48. Kg3 Rh7 49. Nd6 Rh3+ 50. Kg2 Ka7 51. Nc8+ Ka8 52. a7 Be4+ 53. Kg1
1-0

[Event "Moscow open 2010 B"]
[Site "?"]
[Date "2010.02.07"]
[Round "9.152"]
[White "Bocharnikov, Oleg"]
[Black "Ioannidis, Evgenios"]
[Result "1-0"]
[WhiteElo "1888"]
[BlackElo "1734"]
[PlyCount "73"]
[EventDate "2010.01.30"]

1. Nf3 Nf6 2. d4 e6 3. c4 Bb4+ 4. Bd2 c5 5. Bxb4 cxb4 6. Nbd2 O-O 7. e4 d6 8.
Be2 Nc6 9. O-O e5 10. d5 Nb8 11. c5 dxc5 12. Nxe5 Re8 13. f4 Nbd7 14. Nxd7 Bxd7
15. Bf3 Bb5 16. Re1 c4 17. Kh1 Rc8 18. d6 c3 19. bxc3 bxc3 20. Nb3 Rc4 21. e5
Nd7 22. Be2 Rb4 23. Bxb5 Rxb5 24. Qd4 Qh4 25. g3 Qd8 26. Qxc3 Qc8 27. Qxc8 Rxc8
28. Rac1 Rd8 29. Rc7 a5 30. Rec1 g6 31. e6 fxe6 32. Nd4 Rd5 33. Nxe6 Re8 34.
Rxd7 Rf5 35. Ng7 Rff8 36. Nxe8 Rxe8 37. Rxb7 1-0

[Event "Moscow open 2010 B"]
[Site "?"]
[Date "2010.02.07"]
[Round "9.155"]
[White "Ershov, Aleksey"]
[Black "Klepikov, Nikita"]
[Result "0-1"]
[WhiteElo "1708"]
[BlackElo "1850"]
[PlyCount "118"]
[EventDate "2010.01.30"]

1. e4 c5 2. c3 Nf6 3. e5 Nd5 4. Nf3 Nc6 5. d4 cxd4 6. cxd4 d6 7. Nc3 Nxc3 8.
bxc3 dxe5 9. d5 e4 10. dxc6 Qxd1+ 11. Kxd1 exf3 12. Bb5 Kd8 13. Bf4 e6 14. c7+
Ke7 15. Kc2 a6 16. Ba4 b5 17. Bb3 fxg2 18. Rhe1 Bb7 19. Rad1 Kf6 20. Be5+ Kg6
21. Re3 f6 22. Rg3+ Kf5 23. Bd6 g5 24. Kb2 g4 25. h4 e5 26. Bc2+ Ke6 27. Bxf8
Raxf8 28. Bb3+ Kf5 29. Rd6 h5 30. Be6+ Kf4 31. Rb6 Bc8 32. Bxc8 Rxc8 33. Rxf6+
Ke4 34. Rxg2 Rxc7 35. Rg3 a5 36. Re3+ Kd5 37. Rf5 Re7 38. Kb3 Rhh7 39. a4 Rhf7
40. Rexe5+ Rxe5 41. Rxf7 bxa4+ 42. Kxa4 Kc4 43. Rc7+ Rc5 44. Re7 Kxc3 45. f3
gxf3 46. Rf7 Rc4+ 47. Kxa5 Rxh4 48. Rxf3+ Kc4 49. Ka4 Rh1 50. Ka3 Rh2 51. Rf8
h4 52. Rc8+ Kd3 53. Kb3 h3 54. Rh8 Ke3 55. Kc3 Kf3 56. Kd3 Kg3 57. Rg8+ Kf3 58.
Kc3 Rg2 59. Rh8 h2 0-1

[Event "Moscow open 2010 B"]
[Site "?"]
[Date "2010.02.07"]
[Round "9.162"]
[White "Gavrilenko, Viktor"]
[Black "Makhno, Mikhail"]
[Result "1-0"]
[WhiteElo "1983"]
[BlackElo "1662"]
[PlyCount "83"]
[EventDate "2010.01.30"]

1. d4 d5 2. Nf3 Nf6 3. c4 c6 4. Nc3 Nbd7 5. cxd5 cxd5 6. Qb3 e6 7. Bg5 Be7 8.
e3 O-O 9. Bd3 b6 10. Rc1 Bb7 11. Qc2 Rc8 12. O-O Ne4 13. Bxe7 Qxe7 14. Qa4 a6
15. Bxe4 dxe4 16. Ne5 Nxe5 17. dxe5 b5 18. Qd4 Rcd8 19. Qa7 Qd7 20. h3 h6 21.
Rfd1 Qc7 22. Rxd8 Rxd8 23. Ne2 Qd7 24. Nd4 Rc8 25. Rc5 Qd8 26. b4 Bd5 27. Qxa6
Ra8 28. Qxb5 Rxa2 29. Rc1 Qg5 30. Qe8+ Kh7 31. Qxf7 Qxe5 32. g3 Rb2 33. b5 Rd2
34. Qf4 Qh5 35. g4 Qxh3 36. Nxe6 Qf3 37. Qf5+ Qxf5 38. gxf5 Rb2 39. Rc5 Ba2 40.
Nd4 Bf7 41. Rc7 Be8 42. f6 1-0

[Event "Moscow open 2010 B"]
[Site "?"]
[Date "2010.02.07"]
[Round "9.164"]
[White "Khorsun, Vsevolod"]
[Black "Spirin, Alexandr"]
[Result "1-0"]
[WhiteElo "1702"]
[BlackElo "1951"]
[PlyCount "63"]
[EventDate "2010.01.30"]

1. d4 f5 2. Nc3 Nf6 3. Bg5 e6 4. e4 fxe4 5. Nxe4 Be7 6. Bxf6 Bxf6 7. Nf3 O-O 8.
Bd3 d6 9. c3 Nd7 10. Qc2 e5 11. Nxf6+ Nxf6 12. dxe5 dxe5 13. Nxe5 Qe7 14. f4
Be6 15. O-O Rad8 16. Rad1 g6 17. Kh1 Qg7 18. f5 Bd5 19. c4 Bc6 20. Nxc6 bxc6
21. fxg6 h5 22. Bf5 Rde8 23. Rde1 Rd8 24. Be6+ Kh8 25. Bf7 Rd4 26. Qf5 Ng4 27.
Qxh5+ Nh6 28. Re3 Rxc4 29. Rh3 Rxf7 30. Qxh6+ Qxh6 31. Rxh6+ Kg7 32. Rh7+ 1-0